00860nam a22002177a 4500999001700000003000900017008004100026040007100067082002500138100001900163245005400182260002600236300002800262505016600290650002000456650001600476650001500492942001600507945002000523952009900543 c17049d17049AR-CdUCM190507b ||||| |||| 00| 0 spa d aMUNICIPALIDAD PROVINCIAL DEL CUSCOcBIBLIOTECA MUNICIPAL DEL CUSCO 23ed.a869.569 /bV42 aVallejo, Cesar aRusia en 1931 :bReflexiones al pie del kremlin / aLima :bLabor,c1965. a258 páginas ;c17 cm. aContenido : La urbe socialista y la ciudad del porvenir -- La ciudad mas cara y la mas barata del mundo -- La industria de estado y la explotación privada ...  aLa ciudad92468 aUrbe936867 aRusia9499 2ddccLIBROS arahd07/05/2019 002ddc4070aSHbSHcCARTd2019-05-07g30.00o869.569 / V42pSH0000011872r2019-05-07yLIBROS